00989ncm a22002295a 4500001001100000005001700011008004100028080002000069100004100089245010200130254002300232260004400255300006600299490005600365500001800421500011600439500002600555650003100581852001100612952011900623999001700742C00011481c20241029143126.0950810s1891 ddrmtb n 1 ger d a785.74:787.1/.31 aSchumann, Robert (d1810-1856)9845710aQuartett nº 1 A-moll, op. 41 b: für 2 Violinen, Viola und Violoncell / cvon Robert Schumann. a[Kleine Partitur]. aLeipzig : bErnst Eulenburg, c[d.1891] aPartitura (32 p.) ; c19 cm + eFolleto propaganda editorial.0 aPayne's kleine Partitur Ausgabe. Kammermusik ; v74 aN. pl.: 1174. aFecha de publicación tomada de "The new Grove dictionary of music and musicians", vol. 6, Stanley Sadie 1980. aLegado Pérez Casas.14aCuartetos de Cuerda.96738 jM-2394 001040708MUSICAaRABASFbRABASFcDP1d1995-09-11eDl0oM-2394p1012866r2024-10-15 09:09:37w2024-10-15yPARTA c11272d11272